000 00568npc a2200217Ia 4500
001 dd2-400 [d000000299]
003 IT-MiCISF
008 161014s9999||||xx | und||
040 _aIT-MiCISF
_cIT-MiCISF
041 _aen
100 _aHarrison Margaret
240 _aInformal Marriages
245 0 _aInformal Marriages
250 _a1a ed.
260 _a Melbourne
_bInstitute of Family Studies
_c1981
300 _ap. 14
500 _a / matrimonio, convivenza, legislazione /
650 _amatrimonio
942 _cDD
957 _71
999 _a400
_bsi
_g1
_c208231
_d208231